000 01264cam a22003497a 4500
001 127018
003 BJBSDDR
005 20240112130721.0
007 ta
008 070508s2006 mx a b 000 0 spa d
020 _a9789681681463 (pbk.)
020 _a9681681460 (pbk.)
040 _cDLC
_bspa
041 _aspa
050 1 4 _aQ 127
_bC569 2006
245 0 0 _aCiencia y tecnología para la competitividad.
260 _aMéxico, D.F. :
_bFondo de Cultura Económica :
_bConsejo Nacional de Ciencia y Tecnología,
_c2006.
300 _a221 páginas :
_billustraciones ;
_c23 cm.
440 0 _aColección editorial del gobierno del cambio
_918859
504 _aIncluye referencias bibliográficas.
610 2 0 _aConsejo Nacional de Ciencia y Tecnología (Mexico)
610 2 0 _aConsejo Nacional de Ciencia y Tecnología (Mexico)
_vDirectories.
610 2 4 _aConsejo Nacional de Ciencia y Tecnología
_vDirectorios
_917090
650 0 _aScience and state
_zMexico.
650 4 _aCiencia y Estado
_zMéxico
_931789
650 0 _aTechnology and state
_zMexico.
650 4 _aTecnología y estado
_931800
651 0 _aMexico
_xResearch
_vDirectories.
710 2 _aConsejo Nacional de Ciencia y Tecnología
_917090
942 _2lcc
_cBK
946 _ilmm
999 _c86422
_d86422